| 000 | 00440nam a22001457a 4500 | ||
|---|---|---|---|
| 003 | MACL | ||
| 005 | 20200211161005.0 | ||
| 008 | 200211b xxu||||| |||| 00| 0 eng d | ||
| 040 | _cMACL | ||
| 100 |
_aबेदी,सुषम _975417 |
||
| 245 | _aनवाभूम की रस कथा | ||
| 260 |
_aनई दिल्ली _bहिंदी बुक सेंटर _c2018 |
||
| 650 |
_aनोवल _978109 |
||
| 942 |
_2ddc _cHIN |
||
| 999 |
_c62003 _d62003 |
||